Villamediana

保存先:
書誌詳細
第一著者: Alonso-Cortés, Carolina Dafne
フォーマット: 図書
言語:Undetermined
出版事項: Madrid, España Gráficas Marte 1992
版:2
主題:
タグ: タグ追加
タグなし, このレコードへの初めてのタグを付けませんか!

MARC

LEADER 00000nam a2200000Ia 4500
008 170316s9999 xx 000 0 und d
040 |a cru BVZT 
090 |a 862 A-18v 
100 |a Alonso-Cortés, Carolina Dafne 
245 |a Villamediana 
250 |a 2 
260 |a Madrid, España 
260 |b Gráficas Marte 
260 |c 1992 
300 |a 157 páginas 
650 |a LITERATURA ESPAÑOLA 
999 |c 9388  |d 9388 
942 |c 15 D  |h 862 A-18v  |2 z